| 000 | 00608nam a22001577a 4500 | ||
|---|---|---|---|
| 003 | OSt | ||
| 005 | 20150908163038.0 | ||
| 008 | 150908b xxu||||| |||| 00| 0 eng d | ||
| 040 | _cRUA | ||
| 082 | _aAGR អ៊ូ 1993 B006 Or.1 | ||
| 100 |
_9170 _aអ៊ូ សុផាណា |
||
| 245 | _aការសិក្សាពីទំលាប់នៃការប្រើប្រាស់ និងគ្រប់គ្រងជីលើដំណាំកសិកម្មរបស់កសិករកម្ពុជា | ||
| 260 |
_aPhnom Penh _bRUA _c1993 |
||
| 300 |
_a124p. _bill. _c29cm. |
||
| 942 |
_2ddc _cAGR |
||
| 999 |
_c151 _d151 |
||